000 00243nam a2200097Ia 4500
005 20251222114412.0
008 251222s1900||||xx |||||||||||||| ||spa||
082 _aDVD0070/B82S/2005/Ej.3
245 0 _aSophie Scholl: Die Letzten Tage:
942 _cDVD
999 _c2078
_d2078